[Event "Team Championship (men blitz)"]
[Site "Sochi"]
[Date "2017.10.05"]
[Round "2.29"]
[White "Alexeev, Alexey"]
[Black "Kurbedinov, Ramis"]
[Result "1-0"]
[LiveChessVersion "1.4.8"]
[BlackElo "2259"]
[WhiteElo "2264"]

1. e4 {[%clk 0:03:03]} g6 {[%clk 0:03:01]} 2. d4 {[%clk 0:03:04]} Bg7
{[%clk 0:03:02]} 3. Nf3 d6 4. Nc3 {[%clk 0:03:05]} c6 {[%clk 0:03:05]} 5. a4
{[%clk 0:03:02]} Nf6 {[%clk 0:03:04]} 6. Be2 {[%clk 0:03:03]} O-O
{[%clk 0:03:04]} 7. O-O {[%clk 0:03:04]} Bg4 {[%clk 0:03:04]} 8. h3
{[%clk 0:03:03]} Bxf3 {[%clk 0:03:03]} 9. Bxf3 {[%clk 0:03:04]} e5
{[%clk 0:03:02]} 10. dxe5 {[%clk 0:02:55]} dxe5 {[%clk 0:03:03]} 11. Qxd8
{[%clk 0:02:56]} Rxd8 {[%clk 0:03:04]} 12. Be3 {[%clk 0:02:56]} Na6
{[%clk 0:03:01]} 13. Rfd1 {[%clk 0:02:51]} Nb4 {[%clk 0:02:57]} 14. Rxd8+
{[%clk 0:02:38]} Rxd8 {[%clk 0:02:58]} 15. Rc1 {[%clk 0:02:37]} a6
{[%clk 0:02:39]} 16. Kf1 {[%clk 0:02:38]} h5 {[%clk 0:02:32]} 17. a5
{[%clk 0:02:35]} Kh7 {[%clk 0:02:32]} 18. Rd1 {[%clk 0:02:22]} Rxd1+
{[%clk 0:02:30]} 19. Bxd1 {[%clk 0:02:23]} Nd7 {[%clk 0:02:23]} 20. Na4
{[%clk 0:02:17]} Bh6 {[%clk 0:01:50]} 21. Ba7 {[%clk 0:02:18]} f5
{[%clk 0:01:39]} 22. exf5 {[%clk 0:02:15]} gxf5 {[%clk 0:01:40]} 23. c3
{[%clk 0:02:09]} Nd3 {[%clk 0:01:41]} 24. Bxh5 {[%clk 0:02:09]} Bc1
{[%clk 0:01:35]} 25. b4 {[%clk 0:01:49]} e4 {[%clk 0:01:36]} 26. Bd1
{[%clk 0:01:39]} Kg6 {[%clk 0:01:27]} 27. g3 {[%clk 0:01:26]} Nf6
{[%clk 0:01:29]} 28. Bc2 {[%clk 0:01:21]} Nd5 {[%clk 0:01:27]} 29. Ke2
{[%clk 0:01:00]} Nb2 {[%clk 0:01:28]} 30. Nxb2 {[%clk 0:00:46]} Bxb2
{[%clk 0:01:28]} 31. g4 {[%clk 0:00:47]} Bxc3 {[%clk 0:01:19]} 32. gxf5+
{[%clk 0:00:43]} Kxf5 {[%clk 0:01:20]} 33. f3 {[%clk 0:00:45]} Nf4+
{[%clk 0:00:50]} 34. Ke3 {[%clk 0:00:39]} Nd5+ {[%clk 0:00:51]} 35. Ke2
{[%clk 0:00:38]} Nf4+ {[%clk 0:00:52]} 36. Ke3 {[%clk 0:00:31]} Nd5+
{[%clk 0:00:53]} 37. Kf2 {[%clk 0:00:30]} Nf6 {[%clk 0:00:47]} 38. Bc5
{[%clk 0:00:31]} Ke5 {[%clk 0:00:44]} 39. fxe4 {[%clk 0:00:25]} Nxe4+
{[%clk 0:00:44]} 40. Bxe4 {[%clk 0:00:26]} Kxe4 {[%clk 0:00:45]} 41. Kg3
{[%clk 0:00:27]} Kf5 {[%clk 0:00:31]} 42. h4 {[%clk 0:00:21]} Be1+
{[%clk 0:00:31]} 43. Kh3 {[%clk 0:00:21]} Kf4 {[%clk 0:00:28]} 44. Be7
{[%clk 0:00:16]} Kf5 {[%clk 0:00:22]} 45. h5 {[%clk 0:00:15]} Bxb4
{[%clk 0:00:22]} 46. Bxb4 Kg5 47. Kg3 {[%clk 0:00:14]} Kxh5 48. Kf4 Kg6
{[%clk 0:00:24]} 49. Ke5 {[%clk 0:00:17]} Kf7 {[%clk 0:00:22]} 50. Kd6
{[%clk 0:00:19]} Ke8 {[%clk 0:00:23]} 51. Kc7 {[%clk 0:00:20]} Kf7
{[%clk 0:00:10]} 52. Kxb7 {[%clk 0:00:21]} c5 {[%clk 0:00:09]} 53. Bxc5
{[%clk 0:00:20]} Ke6 {[%clk 0:00:10]} 54. Bg1 {[%clk 0:00:20]} Kd7
{[%clk 0:00:10]} 55. Bh2 {[%clk 0:00:21]} Ke8 56. Kc6 1-0

[Event "Team Championship (men blitz)"]
[Site "Sochi"]
[Date "2017.10.05"]
[Round "2.30"]
[White "Iljin, Timofey"]
[Black "Pervakov, Sergey"]
[Result "1-0"]
[LiveChessVersion "1.4.8"]
[BlackElo "2137"]
[WhiteElo "2373"]

1. d4 {[%clk 0:03:03]} d6 {[%clk 0:03:03]} 2. Nf3 {[%clk 0:03:04]} Nf6
{[%clk 0:03:04]} 3. c4 {[%clk 0:03:05]} g6 {[%clk 0:03:05]} 4. Nc3
{[%clk 0:03:06]} Bg7 {[%clk 0:03:06]} 5. e4 {[%clk 0:03:08]} O-O {[%clk 0:03:06]}
6. Be2 {[%clk 0:03:09]} e5 {[%clk 0:03:06]} 7. O-O {[%clk 0:03:10]} Nc6 8. d5 Ne7
{[%clk 0:03:08]} 9. b4 {[%clk 0:03:13]} a5 {[%clk 0:02:52]} 10. Ba3
{[%clk 0:03:14]} axb4 {[%clk 0:02:44]} 11. Bxb4 {[%clk 0:03:15]} Ne8
{[%clk 0:02:34]} 12. c5 {[%clk 0:03:14]} f5 {[%clk 0:02:34]} 13. Ng5
{[%clk 0:02:58]} Kh8 {[%clk 0:02:11]} 14. Nb5 {[%clk 0:02:18]} fxe4
{[%clk 0:01:26]} 15. cxd6 {[%clk 0:02:00]} cxd6 {[%clk 0:01:27]} 16. Nxe4
{[%clk 0:01:37]} Nf5 {[%clk 0:01:23]} 17. a4 {[%clk 0:01:31]} b6 {[%clk 0:00:59]}
18. Bg4 {[%clk 0:01:14]} Ba6 {[%clk 0:00:58]} 19. Bc3 {[%clk 0:00:47]} Bxb5
{[%clk 0:00:56]} 20. axb5 {[%clk 0:00:48]} Rxa1 {[%clk 0:00:55]} 21. Bxa1
{[%clk 0:00:50]} Nf6 {[%clk 0:00:49]} 22. Ng5 {[%clk 0:00:51]} Nd4
{[%clk 0:00:42]} 23. Bxd4 {[%clk 0:00:50]} Nxg4 {[%clk 0:00:30]} 24. Qxg4
{[%clk 0:00:51]} 1-0

[Event "Team Championship (men blitz)"]
[Site "Sochi"]
[Date "2017.10.05"]
[Round "2.31"]
[White "Rudenko, Eugeny"]
[Black "Papenin, Nikolai"]
[Result "0-1"]
[LiveChessVersion "1.4.8"]
[BlackElo "2334"]
[WhiteElo "2108"]

1. e4 {[%clk 0:02:58]} c5 {[%clk 0:03:01]} 2. Nf3 {[%clk 0:02:59]} d6
{[%clk 0:03:02]} 3. Nc3 {[%clk 0:03:00]} Nc6 {[%clk 0:03:02]} 4. d4
{[%clk 0:03:02]} cxd4 {[%clk 0:03:02]} 5. Nxd4 {[%clk 0:03:03]} Nf6
{[%clk 0:03:03]} 6. Bc4 {[%clk 0:03:04]} Qb6 {[%clk 0:03:04]} 7. Nb3
{[%clk 0:02:56]} e6 {[%clk 0:03:05]} 8. O-O {[%clk 0:02:56]} Be7 {[%clk 0:03:05]}
9. Be3 {[%clk 0:02:57]} Qc7 {[%clk 0:03:07]} 10. Be2 {[%clk 0:02:43]} O-O
{[%clk 0:03:05]} 11. f4 {[%clk 0:02:42]} a6 {[%clk 0:03:05]} 12. Qe1
{[%clk 0:02:40]} b5 {[%clk 0:03:03]} 13. a3 {[%clk 0:02:42]} Bb7 {[%clk 0:03:00]}
14. Qg3 {[%clk 0:02:36]} Rfe8 {[%clk 0:03:01]} 15. Rad1 {[%clk 0:02:34]} b4
{[%clk 0:02:57]} 16. axb4 {[%clk 0:02:34]} Nxb4 {[%clk 0:02:58]} 17. Nd4
{[%clk 0:02:18]} Nxe4 {[%clk 0:02:53]} 18. Nxe4 {[%clk 0:02:16]} Bxe4
{[%clk 0:02:54]} 19. c3 {[%clk 0:02:14]} Nd5 {[%clk 0:02:53]} 20. f5
{[%clk 0:02:12]} Nxe3 {[%clk 0:02:21]} 21. Qxe3 {[%clk 0:02:13]} exf5
{[%clk 0:01:59]} 22. Nxf5 {[%clk 0:02:10]} Bf8 {[%clk 0:01:52]} 23. Qd2
{[%clk 0:00:51]} d5 {[%clk 0:01:36]} 24. Nd4 {[%clk 0:00:51]} Bd6
{[%clk 0:01:33]} 25. h3 {[%clk 0:00:51]} Rab8 {[%clk 0:01:30]} 26. Bf3
{[%clk 0:00:51]} Bf4 {[%clk 0:01:26]} 27. Qe2 {[%clk 0:00:32]} Bg6
{[%clk 0:01:20]} 28. Qxa6 {[%clk 0:00:24]} Rxb2 29. Rde1 Rf8 {[%clk 0:01:00]} 30.
Bxd5 {[%clk 0:00:21]} Qxc3 {[%clk 0:01:01]} 31. Ne2 {[%clk 0:00:13]} Qc5+
{[%clk 0:00:57]} 32. Kh1 {[%clk 0:00:13]} Bd2 {[%clk 0:00:47]} 0-1

[Event "Team Championship (men blitz)"]
[Site "Sochi"]
[Date "2017.10.05"]
[Round "3.2"]
[White "Potkin, Vladimir"]
[Black "Andreikin, Dmitry"]
[Result "0-1"]
[LiveChessVersion "1.4.8"]
[BlackElo "2787"]
[WhiteElo "2497"]

1. d4 {[%clk 0:03:03]} d5 {[%clk 0:03:04]} 2. c4 {[%clk 0:03:04]} c6
{[%clk 0:03:05]} 3. Nc3 {[%clk 0:03:05]} Nf6 {[%clk 0:03:06]} 4. e3
{[%clk 0:03:06]} a6 {[%clk 0:03:07]} 5. Nf3 {[%clk 0:03:07]} Bf5 {[%clk 0:03:07]}
6. Ne5 {[%clk 0:03:06]} Nbd7 {[%clk 0:03:05]} 7. Qb3 {[%clk 0:03:03]} Qc7
{[%clk 0:03:05]} 8. cxd5 {[%clk 0:02:31]} Nxe5 {[%clk 0:03:05]} 9. dxe5
{[%clk 0:02:32]} Nxd5 {[%clk 0:03:06]} 10. Bc4 {[%clk 0:02:29]} e6
{[%clk 0:03:05]} 11. e4 {[%clk 0:02:19]} Nxc3 {[%clk 0:03:05]} 12. exf5
{[%clk 0:02:20]} Nd5 {[%clk 0:03:06]} 13. O-O {[%clk 0:02:17]} O-O-O
{[%clk 0:03:05]} 14. fxe6 {[%clk 0:02:08]} fxe6 {[%clk 0:03:05]} 15. Bg5
{[%clk 0:01:54]} Be7 {[%clk 0:03:06]} 16. Qg3 {[%clk 0:01:51]} Bxg5
{[%clk 0:02:56]} 17. Qxg5 {[%clk 0:01:52]} h6 {[%clk 0:02:57]} 18. Qg3
{[%clk 0:01:50]} g5 {[%clk 0:02:58]} 19. Rad1 {[%clk 0:01:43]} Nf4
{[%clk 0:02:55]} 20. Qe3 {[%clk 0:01:43]} Kb8 {[%clk 0:02:55]} 21. g3
{[%clk 0:01:43]} Nd5 {[%clk 0:02:56]} 22. Qe2 {[%clk 0:01:39]} h5
{[%clk 0:02:55]} 23. Rfe1 {[%clk 0:01:29]} h4 {[%clk 0:02:54]} 24. Qg4
{[%clk 0:01:30]} hxg3 {[%clk 0:02:52]} 25. hxg3 {[%clk 0:01:31]} Qh7
{[%clk 0:02:50]} 26. Bxd5 {[%clk 0:00:56]} cxd5 {[%clk 0:02:47]} 27. Qf3
{[%clk 0:00:54]} Qh2+ {[%clk 0:02:38]} 28. Kf1 {[%clk 0:00:55]} Rc8
{[%clk 0:02:39]} 29. Rd2 {[%clk 0:00:48]} Rc4 {[%clk 0:02:35]} 30. Qg2
{[%clk 0:00:48]} Qh1+ {[%clk 0:02:36]} 0-1

[Event "Team Championship (men blitz)"]
[Site "Sochi"]
[Date "2017.10.05"]
[Round "3.3"]
[White "Riazantsev, Alexander"]
[Black "Popov, Ivan"]
[Result "1-0"]
[LiveChessVersion "1.4.8"]
[BlackElo "2607"]
[WhiteElo "2670"]

1. d4 {[%clk 0:03:03]} e6 {[%clk 0:03:03]} 2. c4 {[%clk 0:03:04]} Bb4+
{[%clk 0:03:04]} 3. Bd2 {[%clk 0:03:04]} a5 {[%clk 0:03:05]} 4. a3
{[%clk 0:03:04]} Bxd2+ {[%clk 0:03:05]} 5. Qxd2 {[%clk 0:03:05]} d6
{[%clk 0:02:59]} 6. Nc3 {[%clk 0:03:06]} Nc6 {[%clk 0:02:57]} 7. e3
{[%clk 0:03:00]} e5 {[%clk 0:02:52]} 8. Nf3 {[%clk 0:02:58]} Bg4 {[%clk 0:02:40]}
9. Be2 {[%clk 0:02:55]} Nge7 {[%clk 0:02:30]} 10. h3 {[%clk 0:02:31]} Bxf3
{[%clk 0:02:25]} 11. Bxf3 {[%clk 0:02:33]} exd4 {[%clk 0:02:21]} 12. exd4
{[%clk 0:02:33]} O-O {[%clk 0:02:21]} 13. O-O {[%clk 0:02:34]} Nf5
{[%clk 0:02:18]} 14. Nb5 {[%clk 0:02:24]} Rb8 {[%clk 0:01:19]} 15. Rfe1
{[%clk 0:02:14]} Nce7 {[%clk 0:01:20]} 16. Qxa5 {[%clk 0:02:07]} c6
{[%clk 0:01:08]} 17. Qxd8 {[%clk 0:02:07]} Rbxd8 {[%clk 0:01:08]} 18. Nc3
{[%clk 0:02:03]} Rfe8 {[%clk 0:00:57]} 19. Rad1 {[%clk 0:01:53]} Kf8
{[%clk 0:00:57]} 20. Bg4 {[%clk 0:01:48]} Nh6 {[%clk 0:00:49]} 21. g3
{[%clk 0:01:39]} d5 {[%clk 0:00:35]} 22. c5 {[%clk 0:01:35]} Nef5
{[%clk 0:00:33]} 23. Rxe8+ {[%clk 0:01:29]} Rxe8 {[%clk 0:00:36]} 24. Be2
{[%clk 0:01:13]} g5 {[%clk 0:00:23]} 25. b4 {[%clk 0:01:12]} Ng8 {[%clk 0:00:18]}
26. Bg4 {[%clk 0:01:01]} Ngh6 {[%clk 0:00:18]} 27. Kg2 {[%clk 0:00:36]} Nxg4
{[%clk 0:00:17]} 28. hxg4 {[%clk 0:00:38]} Nh6 {[%clk 0:00:18]} 29. Kf3
{[%clk 0:00:36]} Re6 {[%clk 0:00:19]} 30. Rh1 {[%clk 0:00:30]} Rf6+
{[%clk 0:00:20]} 31. Ke2 {[%clk 0:00:31]} Nxg4 {[%clk 0:00:20]} 32. Nd1
{[%clk 0:00:22]} Kg7 {[%clk 0:00:17]} 33. f3 {[%clk 0:00:22]} Re6+
{[%clk 0:00:18]} 34. Kd2 {[%clk 0:00:22]} Nf6 {[%clk 0:00:15]} 35. g4
{[%clk 0:00:20]} h5 {[%clk 0:00:14]} 36. gxh5 {[%clk 0:00:21]} g4
{[%clk 0:00:08]} 37. fxg4 {[%clk 0:00:20]} Re4 {[%clk 0:00:06]} 38. g5
{[%clk 0:00:13]} Rxd4+ {[%clk 0:00:07]} 39. Kc3 {[%clk 0:00:14]} Rc4+
{[%clk 0:00:08]} 40. Kb3 {[%clk 0:00:15]} Ne4 {[%clk 0:00:09]} 41. h6+
{[%clk 0:00:12]} Kh7 {[%clk 0:00:10]} 42. Ka4 {[%clk 0:00:12]} Nxg5
{[%clk 0:00:10]} 43. Ka5 {[%clk 0:00:14]} Rc1 {[%clk 0:00:10]} 44. Kb6
{[%clk 0:00:15]} Ra1 {[%clk 0:00:09]} 45. Kxb7 {[%clk 0:00:16]} Rxa3
{[%clk 0:00:10]} 46. Kxc6 {[%clk 0:00:17]} d4 {[%clk 0:00:11]} 47. b5
{[%clk 0:00:18]} Ne6 {[%clk 0:00:10]} 48. b6 {[%clk 0:00:19]} Ra5
{[%clk 0:00:10]} 49. Rh5 {[%clk 0:00:21]} d3 {[%clk 0:00:09]} 50. b7
{[%clk 0:00:22]} Nd8+ {[%clk 0:00:10]} 51. Kb6 {[%clk 0:00:23]} Nxb7
{[%clk 0:00:11]} 52. Kxb7 {[%clk 0:00:24]} d2 {[%clk 0:00:12]} 53. Kb6
{[%clk 0:00:21]} Ra1 {[%clk 0:00:13]} 54. Rh1 {[%clk 0:00:23]} Rb1+
{[%clk 0:00:14]} 55. Kc7 {[%clk 0:00:24]} f5 {[%clk 0:00:13]} 56. c6
{[%clk 0:00:25]} Rb4 {[%clk 0:00:10]} 57. Kd6 {[%clk 0:00:24]} Rd4+
{[%clk 0:00:10]} 58. Kc5 {[%clk 0:00:26]} 1-0

[Event "Team Championship (men blitz)"]
[Site "Sochi"]
[Date "2017.10.05"]
[Round "3.4"]
[White "Kobalia, Mikhail"]
[Black "Rublevsky, Sergei"]
[Result "1-0"]
[LiveChessVersion "1.4.8"]
[BlackElo "2643"]
[WhiteElo "2568"]

1. e4 {[%clk 0:03:03]} c5 {[%clk 0:03:03]} 2. Nf3 {[%clk 0:03:04]} e6
{[%clk 0:03:04]} 3. g3 {[%clk 0:03:05]} d5 {[%clk 0:03:04]} 4. exd5
{[%clk 0:03:06]} exd5 {[%clk 0:03:05]} 5. d4 {[%clk 0:03:08]} Nf6
{[%clk 0:03:06]} 6. Bg2 {[%clk 0:03:09]} Be7 {[%clk 0:03:06]} 7. O-O
{[%clk 0:03:10]} O-O {[%clk 0:03:06]} 8. dxc5 {[%clk 0:03:11]} Bxc5
{[%clk 0:03:02]} 9. Nc3 {[%clk 0:03:12]} Nc6 {[%clk 0:03:00]} 10. a3
{[%clk 0:03:13]} a6 {[%clk 0:02:49]} 11. b4 {[%clk 0:03:10]} Ba7 {[%clk 0:02:50]}
12. Qd3 {[%clk 0:03:06]} h6 {[%clk 0:02:31]} 13. Bb2 {[%clk 0:03:06]} Ne7
{[%clk 0:02:23]} 14. Rad1 {[%clk 0:02:32]} Bf5 {[%clk 0:02:23]} 15. Qd2
{[%clk 0:02:34]} Ne4 {[%clk 0:02:01]} 16. Nxe4 {[%clk 0:02:30]} Bxe4
{[%clk 0:02:01]} 17. Bd4 {[%clk 0:02:25]} Bxd4 {[%clk 0:01:52]} 18. Nxd4
{[%clk 0:02:23]} Bxg2 {[%clk 0:01:45]} 19. Kxg2 {[%clk 0:02:24]} Rc8
{[%clk 0:01:44]} 20. Rfe1 {[%clk 0:02:25]} Qd7 {[%clk 0:01:37]} 21. Re3
{[%clk 0:02:27]} Rc4 {[%clk 0:01:22]} 22. Nb3 {[%clk 0:02:18]} b6
{[%clk 0:01:07]} 23. Qe2 {[%clk 0:02:15]} Nf5 {[%clk 0:00:44]} 24. Qxc4
{[%clk 0:01:41]} Nxe3+ {[%clk 0:00:45]} 25. fxe3 {[%clk 0:01:42]} dxc4
{[%clk 0:00:45]} 26. Rxd7 {[%clk 0:01:43]} cxb3 {[%clk 0:00:46]} 27. cxb3
{[%clk 0:01:45]} Rc8 {[%clk 0:00:44]} 28. Rd6 {[%clk 0:01:46]} b5
{[%clk 0:00:44]} 29. Rxa6 {[%clk 0:01:40]} Rc2+ {[%clk 0:00:42]} 30. Kf3
{[%clk 0:01:39]} Rc3 {[%clk 0:00:42]} 31. Rb6 {[%clk 0:01:14]} Rxb3
{[%clk 0:00:43]} 32. Rxb5 {[%clk 0:01:15]} Rxa3 {[%clk 0:00:44]} 33. Rb8+
{[%clk 0:01:11]} Kh7 {[%clk 0:00:45]} 34. h4 {[%clk 0:01:13]} Kg6
{[%clk 0:00:41]} 35. Rb6+ {[%clk 0:01:09]} Kf5 {[%clk 0:00:40]} 36. g4+
{[%clk 0:01:06]} Ke5 {[%clk 0:00:41]} 37. b5 {[%clk 0:01:05]} Rb3
{[%clk 0:00:40]} 38. Rb8 {[%clk 0:01:02]} Rb4 {[%clk 0:00:34]} 39. b6
{[%clk 0:01:02]} g6 {[%clk 0:00:26]} 40. Ke2 {[%clk 0:00:37]} Kf6
{[%clk 0:00:22]} 41. Kf3 {[%clk 0:00:32]} h5 {[%clk 0:00:22]} 42. g5+
{[%clk 0:00:30]} Kg7 {[%clk 0:00:22]} 43. e4 {[%clk 0:00:32]} Rb3+
{[%clk 0:00:14]} 44. Kf4 {[%clk 0:00:33]} Rh3 {[%clk 0:00:09]} 45. Ke5
{[%clk 0:00:33]} Rb3 {[%clk 0:00:06]} 46. Kd5 {[%clk 0:00:34]} Rb1
{[%clk 0:00:03]} 47. Kc6 {[%clk 0:00:33]} Rc1+ {[%clk 0:00:05]} 48. Kb7
{[%clk 0:00:25]} Rh1 {[%clk 0:00:06]} 49. Rc8 {[%clk 0:00:23]} Rxh4
{[%clk 0:00:07]} 50. Rc4 {[%clk 0:00:24]} Rh1 {[%clk 0:00:03]} 51. Kc7
{[%clk 0:00:25]} f6 {[%clk 0:00:00]} 52. b7 {[%clk 0:00:25]} Rb1 {[%clk 0:00:00]}
53. gxf6+ Kxf6 {[%clk 0:00:00]} 54. Rc6+ {[%clk 0:00:25]} Ke7 {[%clk 0:00:00]}
1-0

[Event "Team Championship (men blitz)"]
[Site "Sochi"]
[Date "2017.10.05"]
[Round "3.5"]
[White "Artemiev, Vladislav"]
[Black "Alekseenko, Kirill"]
[Result "1/2-1/2"]
[LiveChessVersion "1.4.8"]
[BlackElo "2586"]
[WhiteElo "2729"]

1. e4 {[%clk 0:03:02]} c5 {[%clk 0:03:03]} 2. Nf3 {[%clk 0:03:01]} Nc6
{[%clk 0:03:04]} 3. Bb5 {[%clk 0:03:01]} e6 {[%clk 0:03:05]} 4. O-O
{[%clk 0:03:00]} Nge7 {[%clk 0:03:06]} 5. Re1 {[%clk 0:03:01]} Nd4 6. Bf1
{[%clk 0:02:57]} Nxf3+ {[%clk 0:02:55]} 7. Qxf3 {[%clk 0:02:57]} Ng6
{[%clk 0:02:50]} 8. c3 {[%clk 0:02:56]} Be7 {[%clk 0:02:50]} 9. d4
{[%clk 0:02:57]} O-O {[%clk 0:02:45]} 10. Nd2 {[%clk 0:02:53]} cxd4
{[%clk 0:02:41]} 11. cxd4 {[%clk 0:02:53]} d5 {[%clk 0:02:42]} 12. exd5
{[%clk 0:02:46]} exd5 {[%clk 0:02:41]} 13. g3 {[%clk 0:02:44]} Bf6
{[%clk 0:02:39]} 14. Nb3 {[%clk 0:02:44]} Ne7 {[%clk 0:02:21]} 15. Bd3
{[%clk 0:02:40]} Nc6 {[%clk 0:02:21]} 16. Be3 {[%clk 0:02:37]} Re8
{[%clk 0:02:15]} 17. Rac1 {[%clk 0:02:29]} a5 {[%clk 0:01:59]} 18. a4
{[%clk 0:02:25]} Nb4 {[%clk 0:01:53]} 19. Bb1 {[%clk 0:01:41]} b6
{[%clk 0:01:54]} 20. Bd2 {[%clk 0:01:16]} Rxe1+ {[%clk 0:01:43]} 21. Rxe1
{[%clk 0:01:17]} Be6 {[%clk 0:01:41]} 22. h4 {[%clk 0:00:38]} Qd7
{[%clk 0:01:42]} 23. Bxb4 {[%clk 0:00:23]} axb4 {[%clk 0:01:42]} 24. a5
{[%clk 0:00:24]} bxa5 {[%clk 0:00:44]} 25. Nc5 {[%clk 0:00:25]} Qd6
{[%clk 0:00:36]} 26. Qd3 {[%clk 0:00:26]} g6 {[%clk 0:00:32]} 27. Nxe6
{[%clk 0:00:27]} Re8 {[%clk 0:00:31]} 28. Qf3 {[%clk 0:00:15]} Rxe6
{[%clk 0:00:32]} 29. Rxe6 {[%clk 0:00:16]} Qxe6 {[%clk 0:00:33]} 30. Ba2
{[%clk 0:00:18]} Bxd4 {[%clk 0:00:30]} 31. Bxd5 {[%clk 0:00:18]} Qf6
{[%clk 0:00:20]} 32. Qxf6 {[%clk 0:00:13]} Bxf6 {[%clk 0:00:21]} 33. b3
{[%clk 0:00:15]} Bd4 {[%clk 0:00:21]} 34. Bc6 {[%clk 0:00:15]} Kf8
{[%clk 0:00:22]} 35. Kg2 {[%clk 0:00:14]} Ke7 {[%clk 0:00:23]} 36. Bb5
{[%clk 0:00:15]} Kd6 {[%clk 0:00:21]} 37. Kf3 {[%clk 0:00:16]} f5
{[%clk 0:00:22]} 38. Ke2 {[%clk 0:00:14]} Ke5 {[%clk 0:00:17]} 39. Be8
{[%clk 0:00:13]} Bc5 {[%clk 0:00:15]} 40. f4+ {[%clk 0:00:07]} Kf6
{[%clk 0:00:10]} 41. Kf3 {[%clk 0:00:06]} Bd4 {[%clk 0:00:08]} 42. Bc6
{[%clk 0:00:07]} Bc3 {[%clk 0:00:09]} 1/2-1/2

[Event "Team Championship (men blitz)"]
[Site "Sochi"]
[Date "2017.10.05"]
[Round "3.7"]
[White "Timofeev, Artyom"]
[Black "Levin, Evgeny A."]
[Result "1/2-1/2"]
[LiveChessVersion "1.4.8"]
[BlackElo "2546"]
[WhiteElo "2619"]

1. c4 {[%clk 0:03:03]} Nf6 {[%clk 0:02:57]} 2. g3 {[%clk 0:03:02]} g6
{[%clk 0:02:57]} 3. Bg2 {[%clk 0:03:02]} Bg7 {[%clk 0:02:58]} 4. Nc3
{[%clk 0:03:03]} O-O {[%clk 0:02:58]} 5. e3 {[%clk 0:03:03]} d6 {[%clk 0:02:53]}
6. Nge2 {[%clk 0:03:03]} e5 {[%clk 0:02:45]} 7. O-O {[%clk 0:03:02]} Re8
{[%clk 0:02:36]} 8. d3 {[%clk 0:02:55]} c6 {[%clk 0:02:34]} 9. e4
{[%clk 0:02:56]} a5 {[%clk 0:02:28]} 10. h3 {[%clk 0:02:55]} Na6 {[%clk 0:02:29]}
11. Be3 {[%clk 0:02:55]} Nc5 {[%clk 0:02:03]} 12. Qc2 {[%clk 0:02:46]} Qe7
{[%clk 0:01:43]} 13. Rad1 {[%clk 0:02:42]} Nfd7 {[%clk 0:01:36]} 14. d4
{[%clk 0:02:41]} exd4 {[%clk 0:01:35]} 15. Nxd4 {[%clk 0:02:42]} a4
{[%clk 0:01:28]} 16. Rfe1 {[%clk 0:02:30]} Ne5 {[%clk 0:01:25]} 17. b3
{[%clk 0:02:29]} axb3 {[%clk 0:01:24]} 18. axb3 {[%clk 0:02:30]} Qc7
{[%clk 0:01:17]} 19. f4 {[%clk 0:02:27]} Ned7 {[%clk 0:01:19]} 20. Bf2
{[%clk 0:02:28]} Ne6 {[%clk 0:01:17]} 21. Nxe6 {[%clk 0:02:21]} Rxe6
{[%clk 0:01:17]} 22. Ne2 {[%clk 0:01:48]} Re8 {[%clk 0:01:18]} 23. Nd4
{[%clk 0:01:45]} Nc5 {[%clk 0:01:14]} 24. Kh2 {[%clk 0:01:44]} Ne6
{[%clk 0:01:12]} 25. Nf3 {[%clk 0:01:44]} Bd7 {[%clk 0:01:00]} 26. Qd2
{[%clk 0:01:43]} Bf8 {[%clk 0:00:46]} 27. e5 {[%clk 0:01:44]} d5 {[%clk 0:00:47]}
28. cxd5 {[%clk 0:01:34]} cxd5 {[%clk 0:00:48]} 29. Qxd5 {[%clk 0:01:32]} Bc6
{[%clk 0:00:49]} 30. Qc4 {[%clk 0:01:35]} Ra2 {[%clk 0:00:45]} 31. Rd2
{[%clk 0:01:28]} Rea8 {[%clk 0:00:40]} 32. Ree2 {[%clk 0:01:26]} Rxd2
{[%clk 0:00:35]} 33. Rxd2 {[%clk 0:01:25]} Qa5 {[%clk 0:00:35]} 34. Rc2
{[%clk 0:01:10]} Bd5 {[%clk 0:00:31]} 35. Qd3 {[%clk 0:01:09]} Rd8
{[%clk 0:00:32]} 36. Qe3 {[%clk 0:01:09]} Qb4 {[%clk 0:00:18]} 37. Rc3
{[%clk 0:01:04]} Bc6 {[%clk 0:00:17]} 38. Ng5 {[%clk 0:01:01]} Nxg5
{[%clk 0:00:11]} 39. fxg5 {[%clk 0:01:01]} Bxg2 {[%clk 0:00:12]} 40. Kxg2
{[%clk 0:01:02]} Re8 {[%clk 0:00:12]} 41. Rc4 {[%clk 0:00:59]} Qb5
{[%clk 0:00:13]} 42. Re4 {[%clk 0:01:00]} Bg7 {[%clk 0:00:12]} 43. Qc5
{[%clk 0:00:54]} Qxc5 {[%clk 0:00:13]} 44. Bxc5 {[%clk 0:00:55]} Rxe5
{[%clk 0:00:13]} 1/2-1/2

[Event "Team Championship (men blitz)"]
[Site "Sochi"]
[Date "2017.10.05"]
[Round "3.8"]
[White "Usmanov, Vasily"]
[Black "Sharafiev, Azat"]
[Result "0-1"]
[LiveChessVersion "1.4.8"]
[BlackElo "2459"]
[WhiteElo "2441"]

1. d4 {[%clk 0:03:03]} Nf6 {[%clk 0:03:04]} 2. c4 {[%clk 0:02:58]} g6
{[%clk 0:03:05]} 3. Nc3 {[%clk 0:02:58]} Bg7 {[%clk 0:03:06]} 4. e4
{[%clk 0:02:59]} d6 {[%clk 0:03:07]} 5. Be2 {[%clk 0:03:01]} O-O {[%clk 0:03:03]}
6. Bg5 {[%clk 0:03:02]} c5 {[%clk 0:02:57]} 7. d5 {[%clk 0:03:01]} e6
{[%clk 0:02:42]} 8. Qd2 {[%clk 0:02:52]} exd5 {[%clk 0:02:39]} 9. exd5
{[%clk 0:02:53]} Re8 {[%clk 0:02:33]} 10. Nf3 {[%clk 0:02:54]} Bg4
{[%clk 0:02:22]} 11. O-O {[%clk 0:02:53]} Nbd7 {[%clk 0:02:23]} 12. h3
{[%clk 0:02:49]} Bxf3 {[%clk 0:02:23]} 13. Bxf3 {[%clk 0:02:50]} a6
{[%clk 0:02:22]} 14. a4 {[%clk 0:02:50]} Qa5 {[%clk 0:02:18]} 15. b3
{[%clk 0:01:32]} h6 {[%clk 0:01:45]} 16. Be3 {[%clk 0:00:59]} Ng4
{[%clk 0:01:38]} 17. Ne4 {[%clk 0:01:00]} Qxd2 {[%clk 0:01:34]} 18. Bxd2
{[%clk 0:01:01]} Bxa1 {[%clk 0:01:19]} 19. Rxa1 {[%clk 0:01:01]} Nge5 20. Nxd6
{[%clk 0:01:00]} Nxf3+ {[%clk 0:00:58]} 21. gxf3 {[%clk 0:01:01]} Re2
{[%clk 0:00:55]} 22. Bxh6 {[%clk 0:01:02]} b6 {[%clk 0:00:38]} 23. Kf1
{[%clk 0:01:03]} Rb2 {[%clk 0:00:22]} 24. Re1 {[%clk 0:01:05]} Rd8
{[%clk 0:00:13]} 25. Re7 {[%clk 0:01:05]} Nf6 {[%clk 0:00:14]} 26. Nxf7 Rd7 27.
Rxd7 {[%clk 0:00:32]} Nxd7 {[%clk 0:00:17]} 28. Nd6 {[%clk 0:00:05]} Rxb3
{[%clk 0:00:18]} 29. Ke2 {[%clk 0:00:06]} Ra3 {[%clk 0:00:15]} 30. Be3
{[%clk 0:00:04]} Rxa4 31. Kd3 Ne5+ {[%clk 0:00:08]} 32. Kc3 {[%clk 0:00:05]} Ra2
{[%clk 0:00:08]} 33. f4 {[%clk 0:00:06]} Nd7 {[%clk 0:00:08]} 34. h4
{[%clk 0:00:07]} Kf8 {[%clk 0:00:07]} 35. f5 {[%clk 0:00:08]} Ke7
{[%clk 0:00:07]} 36. fxg6 {[%clk 0:00:06]} Kxd6 {[%clk 0:00:06]} 37. Bg5
{[%clk 0:00:05]} Ra3+ {[%clk 0:00:03]} 38. Kd2 {[%clk 0:00:00]} Ra4 0-1